000 00632nam a2200265Ia 4500
005 20250425162339.0
008 250425s9999 xx 000 0 und d
020 _a9780073530222
041 _aeng
082 _a658
100 _aJONES, GARETH R
245 0 _aCONTEMPORARY MANAGEMENT
250 _a5TH ED.
260 _aBOSTON
_bMCGRAW-HILL
260 _aEstados Unidos
_bMCGRAWHILL
_c2008
300 _a805
500 _aILUSTRADO
650 _aETICA
650 _aGESTION
650 _aRESPONSABILIDAD SOCIAL
650 _aTOMA DE DECISIONES
710 _aMCGRAW-HILL IRWIN
942 _c01
010 _a64542
999 _c227382
_d227382